Loading...
| Science - Chemistry | 4 | 0 | 1 | 0 | 55 | 18 | 24.25 | 3 | 4 | 29.43 | 35.23 |
| Science - Physics | 3 | 1 | 1 | 0 | 50 | 24 | 48.75 | 1 | 4 | 22.76 | 31.82 |
| History - American | 1 | 2 | 0 | 1 | 35 | 49 | 94.33 | 1 | 1 | 8.37 | 13.64 |
| History - Other | 0 | 3 | 0 | 1 | 30 | 71 | 92.67 | 1 | 2 | 8.80 | 22.50 |
| History - World | 1 | 0 | 0 | 0 | 15 | 16 | 16.00 | 1 | 1 | 7.25 | 8.33 |
| Geography | 1 | 0 | 0 | 0 | 15 | 37 | 37.00 | 1 | 1 | 35.55 | 50.00 |
| Fine Arts - Other | 0 | 1 | 0 | 0 | 10 | 93 | 93.00 | 0 | 1 | 3.60 | 5.68 |
| History - European | 0 | 1 | 1 | 0 | 5 | 89 | 89.00 | 0 | 1 | 3.19 | 7.95 |
| Other Academic | 0 | 0 | 1 | 0 | -5 | 0.00 | 0 | 0 | 0.00 | 0.00 | |
| Religion | 0 | 0 | 1 | 0 | -5 | 0.00 | 0 | 0 | 0.00 | 0.00 | |
| Science - Biology | 0 | 0 | 1 | 0 | -5 | 0.00 | 0 | 0 | 0.00 | 0.00 |